İş Kanunu külliyatı (Record no. 6578)

MARC details
000 -BAŞLIK
Sabit Uzunlukta Kontrol Alanı 00807na a2200277 4500
001 - KONTROL NUMARASI
Denetim Alanı 16856
003 - KONTROL NUMARASI IDENTIFIER
Denetim Alanı MIRAKIL
005 - SON İŞLEM TARİHİ VE ZAMANI
Denetim Alanı 20181213155112.0
008 - SABİT-BOY VERİ ELEMANLARI - GENEL BİLGİLER
Sabit Uzunlukta Kontrol Alanı 161017b tu 000 0
035 ## - SİSTEM KONTROL NUMARASI
Sistem Kontrol Numarası 16856
040 ## - KATALOGLAMA KAYNAK
Orijinal Kataloglama Ajansı Milas
Kataloglama Dili tur
Metne Dönüştürmek Ajansı TR-AnCHP
041 ## - DİL KODU
Metin / Ses Parça Veya Ayrı Başlığın Dil Kodu tur
082 ## - DEWEY ONLU SINIFLANDIRMA NUMARASI
Sınıflandırma Numarası 343.010263
Ürün Numarası Y34i 1988
090 ## - SINIFLAMA NUMARASI
Sınıflama Numarası 343.010263 Y34i 1988
100 ## - ANA GİRİŞ - KİŞİSEL İSİM
Kişisel Ad Yelekçi, Memduh
245 ## - BAŞLIK TABLOSU
Başlık İş Kanunu külliyatı
Sorumluluk Tablosu, Vb Memduh Yelekçi, İlhami Yelekçi
260 ## - YAYIN, DAĞITIM, VB
Yayın, Dağıtım, Vb Yeri Ankara
Yayıncı, Dağıtıcı, Vs Adı [yayl.y.]
Yayın, Dağıtım, Vb Tarihi 1988
300 ## - FİZİKSEL TANIM
Kapsam xxxii, 1424 s.
Boyutlar 25 sm.
500 ## - GENEL NOT
Genel Not Eser adı başında: Notlu-İzahlı-İçtihatlı
504 ## - KAYNAKÇA VB NOT
Kaynakça Vb Notu Kaynakça var.
650 ## - KONU KATMA GİRİŞ - TOPİKAL DÖNEM
Topikal Süreli Veya Coğrafi Ad Giriş Elemanı İş (Çalışma)
Genel Alt Bölümü Hukuk ve mevzuat
Coğrafi Alt Bölümü Türkiye
650 ## - KONU KATMA GİRİŞ - TOPİKAL DÖNEM
Topikal Süreli Veya Coğrafi Ad Giriş Elemanı İş hukuku
Genel Alt Bölümü Kanunlar
Coğrafi Alt Bölümü Türkiye
700 ## - KATMA GİRİŞ - KİŞİSEL İSİM
Kişisel Ad Yelekçi, İlhami
942 ## - EKLENDİ GİRİŞ ELEMANLARI (KOHA)
Sınıflandırma Veya Raf Düzeni Kaynak Dewey Decimal Classification
Koha Öğesi Türü Books
999 ## - SİSTEM KONTROL NUMARALARI (KOHA)
Koha Biblionumber 6578
Koha Biblioitemnumber 6578
657 ## - INDEX SÜRE - İŞLEVİ
-- İş Kanunu
Holdings
Kalıcı Konum Mevcut Konum Edinme Tarihi Edinim Kaynak Toplam Check-Out'Lar Tam Çağrı Numarası Barkod Tarih Son Görülme İtibaren Geçerli Fiyatlar Koha Öğesi Türü
CHP Kütüphanesi CHP Kütüphanesi 10/15/2016 Bağış   343.010263 Y34i 1988 005347 10/15/2016 10/15/2016 Books